<?xml version="1.0" encoding="UTF-8"?>
<record
    xmlns:xsi="http://www.w3.org/2001/XMLSchema-instance"
    xsi:schemaLocation="http://www.loc.gov/MARC21/slim http://www.loc.gov/standards/marcxml/schema/MARC21slim.xsd"
    xmlns="http://www.loc.gov/MARC21/slim">

  <leader>01539nam a22001457a 4500</leader>
  <datafield tag="999" ind1=" " ind2=" ">
    <subfield code="c">532915</subfield>
    <subfield code="d">532915</subfield>
  </datafield>
  <controlfield tag="008">260401b           ||||| |||| 00| 0 eng d</controlfield>
  <datafield tag="100" ind1=" " ind2=" ">
    <subfield code="a">Xue, Hong  Ding, Ronggui  Sun, Tao and  Ye, Chao </subfield>
    <subfield code="9">59927</subfield>
  </datafield>
  <datafield tag="245" ind1=" " ind2=" ">
    <subfield code="a">Configurational effects of social capital and dynamic capability on project resilience in megaprojects</subfield>
  </datafield>
  <datafield tag="260" ind1=" " ind2=" ">
    <subfield code="a">Project Management Journal  </subfield>
  </datafield>
  <datafield tag="300" ind1=" " ind2=" ">
    <subfield code="a">56(5), Oct, 2025: p.620-638</subfield>
  </datafield>
  <datafield tag="520" ind1=" " ind2=" ">
    <subfield code="a">Confronted with unexpected events, project resilience is significant for megaproject delivery success. A fuzzy-set qualitative comparative analysis is used to explore the practical configuration conditions for project resilience in 81 megaprojects. The findings verify the complementary effect of social capital and dynamic capabilities on project resilience and reveal that the antecedent configuration conditions for proactive and reactive resilience differ. Our study broadens the literature on antecedents of project resilience and expands their complex relationship based on resource-based and dynamic-capability views. Moreover, it provides practical strategies to improve megaprojects&#x2019; proactive and reactive resilience.-Reproduced 


https://journals.sagepub.com/doi/full/10.1177/87569728251317440?_gl=1*1b0dxp2*_up*MQ..*_ga*MTQxMDgxNzE2OC4xNzc1MDQxMTI4*_ga_60R758KFDG*czE3NzUwNDExMjckbzEkZzAkdDE3NzUwNDExMjckajYwJGwwJGgxMDY5OTAxMjM3</subfield>
  </datafield>
  <datafield tag="650" ind1=" " ind2=" ">
    <subfield code="a">Project resilience, Social capital, Megaprojects, Organizational learning, Resource integration. </subfield>
    <subfield code="9">59928</subfield>
  </datafield>
  <datafield tag="773" ind1=" " ind2=" ">
    <subfield code="a">Project Management Journal  </subfield>
  </datafield>
  <datafield tag="942" ind1=" " ind2=" ">
    <subfield code="c">AR</subfield>
  </datafield>
  <datafield tag="952" ind1=" " ind2=" ">
    <subfield code="0">0</subfield>
    <subfield code="1">0</subfield>
    <subfield code="2">ddc</subfield>
    <subfield code="4">0</subfield>
    <subfield code="7">0</subfield>
    <subfield code="9">408090</subfield>
    <subfield code="a">IIPA</subfield>
    <subfield code="b">IIPA</subfield>
    <subfield code="d">2026-04-01</subfield>
    <subfield code="h">56(5), Oct, 2025: p.620-638</subfield>
    <subfield code="p">AR138430</subfield>
    <subfield code="r">2026-04-01</subfield>
    <subfield code="y">AR</subfield>
  </datafield>
</record>
